Introducción a la psicología del trabajo

Saved in:
Bibliographic Details
Main Author: Peiró Silla, José María (Author)
Format: Book
Language:Spanish
Published: Madrid Mudima 2009
Madrid Centro de Estudios Financieros 2009
Edition:2a. ed
Subjects:
Tags: Add Tag
No Tags, Be the first to tag this record!

MARC

LEADER 00000cam a2200000 a 4500
001 UCG4833
003 CL-VaPUC
008 101202e20090901sp |||||||||||||||||spa|d
020 |a 9788445415443 
082 0 4 |a 158.7  |b PEI  |2 21 
100 0 |a Peiró Silla, José María  |e author  |9 554279 
245 1 0 |a Introducción a la psicología del trabajo 
250 |a 2a. ed 
300 |a pág. irreg 
942 |c BK 
945 |d 20101202 00:00:00  |a dcastane 
260 |a Madrid  |b Mudima  |c 2009 
260 |a Madrid  |b Centro de Estudios Financieros  |c 2009 
600 0 7 |a PSICOLOGIA APLICADA  |2 CL-VaPUC  |9 554280 
600 0 7 |a PSICOLOGIA DEL TRABAJO  |2 CL-VaPUC  |9 554281 
600 0 7 |a ORIENTACION PROFESIONAL  |2 CL-VaPUC  |9 554282 
600 0 7 |a ADMINISTRACION DE PERSONAL  |2 CL-VaPUC  |9 554283 
583 |a last modification  |c 20130913 05:17:18  |k Rodrigo Vera 
999 |c 343442  |d 343440 
952 |0 0  |1 0  |4 0  |6 158_700000000000000_PEI_2009_2009  |7 0  |8 A  |9 440745  |a BIBDER  |b BIBDER  |d 2019-11-22  |i 4737652  |o 158.7 PEI 2009 2009  |p 4737652  |r 2023-01-25  |w 2019-11-22  |y BK  |k DER